00712 2200289 4500001002100000005001500021035002000036007000300056040001700059100002600076245002000102250001200122300003000134020002200164041000800186082000800194084001400202090002000216264002700236336002100263337003000284338002300314650001100337850001000348008004100358990002300399INLIS00000000000827420260526115047 a0010-0922000763ta aSBPUPADbind0 aNana TedjaePengarang1 aBiasa Bercerita a.-cet.1 a176 hlm :bilus. ;c12 cm a978-979-015-257-1 aind a813 a813 NAN b a813 NAN b L24-9 a.--Jakarta :bErlangga 2rdacontentateks 2rdamediaatanpa perantara 2rdacarrieravolume 4aCerpen aPUPAD260526 1  a5895/H/ARPUS-PDG08